[Event "Rovno"]
[Site "Rovno"]
[Date "2000.??.??"]
[Round "1"]
[White "Lastin, Alexander"]
[Black "Rakhmangulov, Andrei"]
[Result "1-0"]
[WhiteElo "2510"]
[BlackElo "2435"]
[Annotator "Finkel,A"]
[PlyCount "61"]
[EventDate "2000.01.20"]
[EventType "tourn"]
[EventRounds "15"]
[EventCountry "UKR"]
[EventCategory "8"]
[SourceTitle "CBM 076"]
[Source "ChessBase"]
[SourceDate "2000.05.31"]
[SourceVersion "1"]
[SourceVersionDate "2000.05.31"]
[SourceQuality "1"]

1. e4 d6 2. d4 Nf6 3. Nc3 g6 4. Nf3 Bg7 5. Be3 c6 6. Qe2 $5 {Interesting move
combining two different plans:one of them is advance e5,and the second one is
long castle ad attack on the kingside with h4-h5.} (6. Qd2 b5 (6... Ng4 7. Bg5
h6 8. Bh4 b5 9. Bd3 a6 10. h3 Nf6 11. O-O-O Qa5 12. a3 $16 {Quillan,G-Flear,C/
Isle of Man op 1994}) (6... Bg4 7. Be2 O-O 8. h3 Bxf3 9. Bxf3 Nbd7 10. O-O Qc7
11. Rad1 b5 12. Rfe1 Rad8 13. a3 a6 14. g3 c5 $13 {Emms,J-Nunn,J/Isle of Man
op 1994}) 7. Bd3 O-O 8. Bh6 b4 9. Ne2 Na6 10. Ng3 c5 $6 11. e5 $1 Ng4 $2 12.
Bxg7 Kxg7 13. h3 $18 Nxf2 14. Qxf2 Bb7 15. O-O f6 16. exd6 Qxd6 17. Rae1 cxd4
18. Qxd4 {1-0 Hebden,M-Littlewood,P/Walsall 1992}) 6... Qa5 (6... O-O 7. O-O-O
b5 8. e5 Nfd7 9. h4 b4 10. Ne4 Ba6 11. Qd2 Qa5 $132) 7. O-O-O Bg4 8. h3 Bxf3 9.
Qxf3 Nbd7 (9... e5 10. dxe5 dxe5 11. g4 Na6 12. Bc4 O-O 13. Bg5 $16) 10. g4 $5
{Black already faces difficulties because of lack of space.His next move
permits white to win even more.} h5 $6 (10... d5 11. e5 Ne4 (11... Ng8 12. h4
$1 h5 13. gxh5 Rxh5 14. Qg3 $14) 12. Nxe4 dxe4 13. Qxe4 Qxa2 14. c3 $14) 11. g5
Nh7 {[%csl Rh7]} 12. h4 O-O $6 {Another inaccuracy and this time with
difficult consequances.} (12... b5 $5 13. Bh3 $5 (13. Kb1 Nb6 14. Bd3 (14. e5
d5) 14... Nc4 15. Bxc4 bxc4 16. Ne2 $14 {[%csl Rh7]})) 13. Qh3 e6 (13... Nb6
14. f4 Na4 15. Nxa4 Qxa4 16. Kb1 c5 17. dxc5 Qxe4 18. cxd6 exd6 19. Bc1 $16)
14. f4 b5 15. Kb1 Nb6 (15... b4 16. Ne2 d5 17. f5 $16) 16. f5 $16 b4 17. Ne2
exf5 18. exf5 Nd5 (18... Qxf5 19. Qxf5 gxf5 20. Nf4 $5 Nd5 21. Nxd5 cxd5 22.
Bg2 $16 {[%csl Rd5,Rf5,Rh5]}) 19. Bc1 Rab8 20. fxg6 (20. f6 $5 $18) 20... fxg6
21. Qe6+ Kh8 22. Qxg6 $18 Rfe8 (22... b3 23. cxb3 Nb4 24. Nc3 $18 {[%cal Ga2a3,
Gf1d3]}) 23. Rh3 $5 {[%cal Gh3b3]} (23. Qxh5 Rxe2 24. Bxe2 Nc3+ 25. bxc3 bxc3+
26. Ka1 Qb4 27. Ba3 Qxa3 28. Rb1 Rb2 29. Bc4 $18) 23... Kg8 24. Qxd6 Nf8 25.
Rb3 $1 Rb6 26. Nf4 Nxf4 27. Bxf4 Qf5 28. Bh3 Qf7 29. Bc1 Qg6 30. Qc5 Re2 31.
Qc4+ 1-0

[Event "ISR-chT"]
[Site "Israel"]
[Date "2002.01.12"]
[Round "2"]
[White "Gruenfeld, Yehuda"]
[Black "Finkel, Alexander"]
[Result "1/2-1/2"]
[WhiteElo "2470"]
[BlackElo "2485"]
[Annotator "Finkel,A"]
[PlyCount "60"]
[EventDate "2002.01.10"]
[EventType "team"]
[EventRounds "11"]
[EventCountry "ISR"]
[SourceTitle "CBM 087"]
[Source "ChessBase"]
[SourceDate "2002.03.21"]
[SourceVersion "1"]
[SourceVersionDate "2002.03.21"]
[SourceQuality "1"]

1. e4 g6 2. d4 Bg7 3. Nf3 d6 4. Be2 Nf6 5. Nc3 O-O 6. O-O a6 7. a4 e6 $5 {
An attempt to deviate from theoretical lines.} (7... b6 8. Re1 e6 9. Bf4 (9.
Bg5 h6 10. Bh4 g5 11. Bg3 Nh5 (11... Bb7 12. Nd2 Nc6 13. Nb3 Re8 14. Qd2 e5 15.
dxe5 dxe5 16. Rad1 Qxd2 17. Rxd2 Nd4 $11 {Altgelt,A-Chatalbashev,B/WchJM U26
1994}) 12. Rf1 Nd7 13. Qd2 Bb7 14. Rad1 Qe7 15. Ne1 Nxg3 16. hxg3 Nf6 $132 {
Belotelov,D-Tseitlin,M/Groningen op 1995}) 9... Bb7 10. Bf1 Nc6 (10... h6 11.
h3 Nbd7 12. e5 dxe5 13. dxe5 Nd5 14. Nxd5 Bxd5 15. a5 b5 16. Nd4 Qe7 $13 {
Andonovski,L-Nogueiras,J/Santa Clara 1996}) 11. Qd2 e5 12. dxe5 dxe5 13. Qxd8
Raxd8 14. Bg5 Nb4 15. Rac1 h6 16. Bh4 Rfe8 17. Bc4 Rd6 $11 {Malakhov,
V-Tseitlin,M/Groningen op 1994}) 8. h3 (8. Bf4 h6 9. h3 Nc6 10. Qd2 Kh7 11.
Rad1 Nd7 12. d5 Ne7 13. e5 $2 Nxe5 14. dxe6 Nxf3+ 15. Bxf3 fxe6 $17 {Jenni,
F-Pikula,D/MTO Open 2000}) 8... b6 9. e5 (9. Bg5 h6 10. Be3 Bb7 11. Bd3 Nbd7
12. Nh2 c5 13. dxc5 Nxc5 14. Ng4 Kh7 15. Nxf6+ Bxf6 $13 {Schneider,R-Werner,V/
Regensburg op 1996}) 9... dxe5 10. Nxe5 Bb7 11. Bf3 Qc8 12. Bg5 $5 {The most
logical reply.} (12. Bf4 $6 Rd8 $13 {[%cal Gc7c5]}) 12... Nfd7 $1 {Putting
white befor quiet unpleasent choise: wether to take on d7 or to retreat to g4,
in both cases black gets very comfortable position.} 13. Ng4 (13. Nxd7 Nxd7 14.
Ne4 e5 $1 15. c3 exd4 16. cxd4 Re8 17. Re1 $11) 13... h5 14. Nh2 ({Nothing
promises} 14. Ne3 Nc6 15. Ne2 e5 16. d5 Nd4 17. Nxd4 exd4 18. Nc4 $13) 14...
Nc6 15. Ne2 e5 16. c3 exd4 ({Deserved attention} 16... Re8 $5 {[%cal Ge5e4]
keeping the pressure in the center} 17. d5 e4 (17... Ne7 18. Ng3 Nf6 19. c4 Nf5
$132) 18. dxc6 Bxc6 19. Nd4 Bxd4 20. cxd4 exf3 21. Nxf3 Qb7 22. Ra3 $13) 17.
cxd4 Nf6 18. Rc1 Ne7 {Knight is heading for d5.} 19. Qc2 Ned5 {[%csl Rh2]} (
19... Bxf3 $6 20. Nxf3 Ned5 21. Nf4 $14) 20. Nf4 Qd7 $6 21. Rfd1 $6 {Missing} (
21. Bxf6 $5 Bxf6 22. Nxd5 Bxd5 23. Qxc7 Qxc7 24. Rxc7 Rad8 $1 $14 {[%csl Rd4,
Rh2] but even in this case black seems to hold.}) 21... Rac8 22. Bxf6 {Now
it's enough only for equality.} Bxf6 23. Bxd5 Bxd5 24. Nxd5 Qxd5 25. Qc6 Qxc6
26. Rxc6 Kg7 {Almost all the pieces disappered from the board and the draw
becomes inevitable.} 27. Nf3 Rfd8 28. b3 Rd5 (28... Rd7 29. Kf1 Rcd8 30. Rdc1
Bxd4 31. Nxd4 Rxd4 32. Rxc7 $11) 29. Kf1 Rcd8 30. Rxc7 Bxd4 1/2-1/2

[Event "USA-CHN Summit"]
[Site "Seattle"]
[Date "2001.03.14"]
[Round "1.1"]
[White "Ye, Jiangchuan"]
[Black "Gulko, Boris F"]
[Result "1/2-1/2"]
[WhiteElo "2671"]
[BlackElo "2622"]
[Annotator "Finkel,A"]
[PlyCount "113"]
[EventDate "2001.03.14"]
[EventType "team"]
[EventRounds "4"]
[EventCountry "USA"]
[SourceTitle "CBM 082"]
[Source "ChessBase"]
[SourceDate "2001.05.17"]
[SourceVersion "1"]
[SourceVersionDate "2001.05.17"]
[SourceQuality "1"]
[WhiteTeam "China"]
[BlackTeam "US of America"]
[WhiteTeamCountry "CHN"]
[BlackTeamCountry "USA"]

1. e4 d6 2. d4 Nf6 3. Nc3 g6 4. Nf3 Bg7 5. Be3 O-O 6. Qd2 d5 $5 {Deviating
from theoretical continuations and changing the character of the game.} (6...
e5 7. O-O-O (7. dxe5 $6 dxe5 8. O-O-O Qe7 9. h3 Nbd7 10. Bc4 Qb4 11. Bb3 Nc5
$15 {Larsen,B-Penrose,J/Dundee 1967/MCD (40)}) 7... Qe7 8. Bg5 c6 9. h4 h5 10.
d5 c5 11. Nh2 a6 12. g4 $5 $36 {Heuser,G-Opalka,G/Germany 1989/EXT 97-B (49)})
(6... Nc6 7. d5 Nb4 8. a3 Na6 9. Bxa6 bxa6 10. Bh6 Rb8 11. Bxg7 Kxg7 12. Nd4
Qe8 13. O-O-O $14 {1/2-1/2 Emms,J-Speelman,J/London 1990/EXT 97 (39)}) (6... a6
7. a4 b6 8. Bh6 Bb7 9. Bd3 Nbd7 10. O-O e6 11. Bxg7 Kxg7 12. Rfe1 c5 $11 {
Gallagher,J-Van Wely,L/Krumbach 1991/TD (53)}) 7. exd5 (7. e5 Ne4 8. Nxe4 dxe4
9. Ng5 Bf5 10. Bc4 c5 11. c3 cxd4 12. cxd4 Nc6 13. e6 f6 14. Nf7 Qc8 15. d5 Nd8
$132) 7... Nxd5 {In other game black had opted for} (7... Nbd7 $5 8. Bh6 Nb6 9.
Bxg7 Kxg7 10. Bd3 Nbxd5 11. O-O Nxc3 12. Qxc3 Qd6 13. Rfe1 b6 14. Ng5 Bb7 15.
Ne4 Qc6 $11 {and has got very comfortable position;1/2-1/2 Hebden,M-Dishman,S/
Hastings 1990/CBM 21 ext (42)}) 8. Bh6 Bf5 (8... Nxc3 9. Bxg7 Kxg7 10. Qxc3 Bf5
11. Bc4 Nd7 12. O-O-O $14) 9. Bxg7 Kxg7 10. O-O-O c6 11. Nh4 Bg4 12. f3 Be6 13.
Ne4 f6 14. g3 {Intending to bring the knight on h4 back to game.} (14. Bc4 Nd7
15. Rhe1 Bf7 16. g3 b5 17. Bb3 a5 18. a3 $14) 14... Nd7 15. c4 $6 {It was
better to switch the order of the moves and to start with 16.Ng2} (15. Ng2 $5
b5 (15... Bf7 16. h4 e5 17. h5 $36) 16. h4 Bf7 17. h5 g5 18. h6+ Kh8 19. f4 $14
) 15... Nc7 16. Ng2 b5 17. Nf4 Bf7 18. cxb5 Nxb5 19. Bxb5 $6 (19. d5 $5) 19...
cxb5 20. Kb1 Qb6 21. Qb4 Rfe8 $15 {Black has managed to solve all the problems
and it's white who has to try to keep the balance.} (21... e5 22. dxe5 Nxe5 23.
Rd6 Qb7 24. Rhd1 a5 25. Qd4 $14) 22. Nc3 Rab8 23. d5 a5 24. Qd4 Qxd4 25. Rxd4
Ne5 26. Rf1 Red8 27. h4 h6 (27... b4 28. Ne4 Rbc8 29. Rdd1 h6 $15 {[%cal Gg6g5]
}) 28. Rdd1 b4 29. Ne4 g5 30. hxg5 hxg5 31. Ne6+ Bxe6 32. dxe6 Rxd1+ 33. Rxd1
Nxf3 (33... Rb6 34. f4 gxf4 35. gxf4 Ng4 $11) 34. Rd7 Kf8 (34... f5 35. Rxe7+
Kg6 36. Nd6 Kf6 37. Ra7 Kxe6 38. Nc4 $15) 35. Rd5 Rb6 36. Nc5 Rc6 37. a4 bxa3
38. bxa3 Kg7 39. Kb2 Nd4 $1 $17 40. Ne4 Nxe6 41. Rxa5 Nd4 $6 (41... Kg6 $1 42.
a4 (42. Ra7 Kf5 43. Nc3 Nc7 44. a4 Kg4 $19) 42... f5 43. Nc3 Nc7 44. Kc2 Kf6
45. Kd3 g4 $17) 42. Rd5 Rc4 $2 (42... Nf3) 43. Rc5 $1 Rxc5 44. Nxc5 Kg6 (44...
f5 45. Kc3 (45. a4 Kf6 46. a5 Nc6 47. a6 Ke5 48. Kc3 Kd5 49. Nd3 e5 50. Nb4+
Kc5) 45... Nc6 (45... Ne2+ $2 46. Kd3 Nxg3 47. a4 f4 48. a5 f3 49. Ke3 $11) 46.
Kc4 Kf6 47. a4 Ke5 48. Nb3 g4 $15) 45. a4 Kf5 46. Kc3 Nc6 47. Kc4 Ke5 48. Nb3
$1 Kd6 49. a5 f5 50. a6 {[%cal Gb3d4]} e5 (50... g4 51. Nd4 e6 52. Nb5+ Kd7 53.
a7 Nxa7 54. Nxa7 f4 55. Kd3 $11) 51. g4 $1 fxg4 52. Nd2 Kc7 53. Ne4 Ne7 54. Kc5
$22 Nf5 (54... Kb8 55. Kd6 Nf5+ 56. Kxe5 g3 57. Nxg5 g2 58. Nh3 $11) 55. Kd5 g3
56. Nxg5 g2 57. Nh3 $11 1/2-1/2

[Event "Montreal 1st"]
[Site "Montreal"]
[Date "2000.08.07"]
[Round "5"]
[White "Smagin, Sergey"]
[Black "Hebert, Jean"]
[Result "1-0"]
[WhiteElo "2605"]
[BlackElo "2428"]
[Annotator "Finkel,A"]
[PlyCount "77"]
[EventDate "2000.08.03"]
[EventType "tourn"]
[EventRounds "11"]
[EventCountry "CAN"]
[EventCategory "9"]
[SourceTitle "CBM 079"]
[Source "ChessBase"]
[SourceDate "2000.11.21"]
[SourceVersion "1"]
[SourceVersionDate "2000.11.21"]
[SourceQuality "1"]

1. e4 d6 2. d4 Nf6 3. Nc3 g6 4. Be3 c6 (4... Bg7 5. Qd2 c6 6. Nf3 Qa5 7. h3
Nbd7 8. Bd3 O-O 9. O-O Re8 10. a4 e5 11. Rfd1 Qc7 12. a5 Nf8 (12... exd4 13.
Bxd4 Nc5 14. e5 Nfd7 15. exd6 Qxd6 16. Bf1 Nf8 17. Bxg7 Qxd2 18. Nxd2 Kxg7 19.
b4 $14 {Nunn,J-Azmaiparashvili,Z/Wijk m 1993}) 13. dxe5 dxe5 14. Bc4 {1/2-1/2
Van Uytven,E-Claesen,J/Belgian Interteam 1999}) 5. h3 Qa5 6. Bd3 Nbd7 (6... e5
7. Nge2 Bg7 8. O-O O-O 9. f4 exd4 10. Nxd4 Nbd7 11. Qf3 Re8 12. g4 h6 13. Qf2
$14 {Onischuk,A-Schmaltz,R/Viernheim 1995}) 7. Nf3 e5 8. O-O Bg7 9. Qd2 O-O 10.
a4 Re8 11. Rfb1 $5 {[%cal Gb2b4,Ga4a5] Not the most typical plan in this kind
of positions,but definitly the one who has full right to exist.} (11. d5 cxd5
12. Nxd5 Qxd2 13. Nxf6+ Nxf6 14. Nxd2 d5 15. a5 h6 16. Bc5 Be6 $11 {Lorscheid,
G-Odesskij,I/Komercni Banka op 1997}) (11. dxe5 dxe5 12. Bc4 Qb4 13. Bb3 Nf8
14. a5 Be6 15. Ra4 Qe7 16. Bxe6 Qxe6 17. Rd1 $14 {Roser,K-Chabanon,J/ch-FRA
Accession 1999}) 11... Qc7 $5 {Preparing the exchange in the center.} (11... d5
$2 12. dxe5 Nxe5 13. Nxe5 Rxe5 14. Nxd5 Qxd2 15. Nxf6+ Bxf6 16. Bxd2 $16) (
11... exd4 $5) 12. a5 d5 $5 13. Re1 (13. dxe5 Nxe4 14. Nxe4 dxe4 15. Bxe4 Nxe5
16. Nxe5 Qxe5 $11) (13. exd5 $2 e4 14. Bf4 Qd8 $19) 13... dxe4 14. Nxe4 Nxe4
15. Bxe4 Nf6 $6 {Black is tempted to win the pawn which proves to be extremly
dangerous.} (15... f5 $2 16. Bd3 e4 17. Bc4+ Kh8 18. Ng5 $18 {[%cal Gg5f7,
Gg5e6]}) (15... exd4 $5 16. Bxd4 Nf6 17. Bd3 Be6 18. Rad1 Bd5 $14) 16. Bh6 Bxh6
17. Qxh6 exd4 18. Bd3 $36 Rxe1+ (18... Bd7) 19. Rxe1 Qxa5 (19... Qd6 20. Ng5
Qf8 $6 21. Qh4 Qb4 (21... Kg7 22. Qxd4 $16 {[%cal Gd4g7]}) 22. c3 Qxa5 (22...
Qxb2 23. Qxd4 $18 {[%csl Rg8]}) 23. Re8+ Kg7 (23... Nxe8 24. Qxh7+ Kf8 25.
Qxf7#) 24. Re7 Qa1+ 25. Kh2 Qxb2 26. Rxf7+ Kg8 27. Qh6 $18) 20. Bc4 $1 {
[%csl Rf7] Threatening Re7} Be6 $8 ({White wins in very nice style after} 20...
Qb4 21. Bxf7+ $1 Kxf7 22. Ng5+ Kg8 23. Re8+ $3 Nxe8 24. Qxh7+ Kf8 25. Qf7#) 21.
Bxe6 fxe6 22. Rxe6 Rf8 23. Ng5 $1 {[%cal Ge6e7,Ge6f6]} Qf5 $8 24. Nxh7 $1 {
Decisive tactical blow.Now the game enters technical part.} (24. Re7 $6 Qxf2+
$1 25. Kxf2 Ng4+ 26. Ke2 Nxh6 27. Rxb7 a5 28. Kd3 $14) 24... Qxe6 25. Qxg6+ Kh8
26. Nxf8 Qe7 (26... Qe1+ 27. Kh2 Qxf2 28. Ne6 $18 {[%csl Rg7]}) 27. Qh6+ Kg8
28. Ng6 Qe1+ 29. Kh2 Qxf2 30. Nf4 $1 $18 Nd5 31. Qg6+ Kh8 (31... Kf8 32. Qf5+
Kg8 33. Nxd5 $1 $18) 32. Qh5+ Kg7 33. Qg5+ Kf8 (33... Kh8 34. Qe5+ (34. Ne6)
34... Kg8 (34... Kh7 35. Qf5+ Kg8 36. Nxd5 $18) 35. Qe8+ Kg7 36. Ne6+ Kh6 37.
Qh8+ Kg6 38. Qg7+ Kf5 39. Nxd4+ Ke4 40. Nf3 $18) 34. Qf5+ Ke8 35. Qc8+ Kf7 36.
Qe6+ Kg7 37. Qe5+ Kh7 (37... Kh6 38. Qh8+ Kg5 39. Ne6+ Kf5 40. Nxd4+ Ke4 41.
Nf3 $18) 38. Qf5+ Kg8 39. Nxd5 1-0

[Event "Montecatini Terme"]
[Site "Montecatini Terme"]
[Date "2000.08.02"]
[Round "6"]
[White "Piket, Jeroen"]
[Black "Minasian, Artashes"]
[Result "1-0"]
[WhiteElo "2649"]
[BlackElo "2595"]
[Annotator "Finkel,A"]
[PlyCount "95"]
[EventDate "2000.07.28"]
[EventType "tourn"]
[EventRounds "7"]
[EventCountry "ITA"]
[EventCategory "17"]
[SourceTitle "CBM 079"]
[Source "ChessBase"]
[SourceDate "2000.11.21"]
[SourceVersion "1"]
[SourceVersionDate "2000.11.21"]
[SourceQuality "1"]

{[%mdl 6176]} 1. d4 {Bangiev,A.} g6 2. e4 c6 3. Nc3 d6 4. Be3 Nf6 5. Nf3 Bg7 6.
Qd2 Bg4 7. h3 $5 {Making black to take on f3. Bangiev,A: 'Ein neuer Zug. Die
Hauptvariante hier ist 7.Be2.'} (7. Be2 O-O (7... Nbd7 8. h3 Bxf3 9. Bxf3 e5
10. O-O-O Qa5 11. dxe5 dxe5 12. g4 O-O-O 13. g5 Nb6 14. Qe2 $14 {Littlewood,
P-Dunworth,C/4NCL 2000}) 8. h3 Bxf3 9. Bxf3 Nbd7 10. O-O Re8 11. Rfd1 Qc7 12.
a4 a5 13. Qe2 $14 {Emms,J-Belov,I/BL2-W 1995}) (7. Bh6 Bxh6 8. Qxh6 Qa5 9. Qe3
Bxf3 10. gxf3 b5 11. a4 $14 {Kinsman,A-Watson,W/EUCup Gr3 1996}) (7. Ng1 $5 h5
8. h3 Be6 9. Nf3 Na6 10. Ng5 Nc7 11. f4 d5 12. e5 $16 {Magem Badals,J-Sarto
Ramos,A/ESP-ch 1997}) (7. O-O-O Bxf3 8. gxf3 Nbd7 9. Bc4 Qc7 10. h4 a6 11. Bh6
Bxh6 12. Qxh6 e6 13. Be2 O-O-O 14. f4 $14 {Beliavsky,A-Beim,V/Chess Classic
Masters 1998}) 7... Bxf3 8. gxf3 d5 {Bangiev,A: 'Schwarz geht damit zur
weissfeldrigen Blockade über.'} (8... Qa5 {Bangiev,A Dies wäre eine für dieses
Abspiel typische Alternative, das Figurenspiel am Damenflügel.} 9. O-O-O b5 10.
Kb1 Nbd7) 9. O-O-O e6 10. h4 Nh5 $6 {Permitting white to improve his pawn
structure.Better was} (10... h5 11. Bg2 Na6 12. Ne2 Qb6 $132) (10... Nbd7 {
Bangiev,A} 11. Kb1 $1) 11. Ne2 Nd7 12. Ng3 Nxg3 {Bangiev,A: 'Nur so kann
Schwarz den Vorposten auf h5 aufrecht halten.'} (12... Ndf6 $6 {Bangiev,A} 13.
e5 $1 Nxg3 14. exf6 Nxh1 15. fxg7 Rg8 16. Bg2 Nxf2 17. Bxf2 Rxg7 18. Qh6 $16)
13. fxg3 h5 {Bangiev,A: 'Der weisse Bauer auf h4 ist damit gestoppt. Nun kommt
allerdings die kurze Rochade des Nachziehende nicht mehr in Frage, wegen des
sofortigen weissen Angriffs.  '} 14. Kb1 Qc7 (14... O-O $2 {Bangiev,A} 15. g4
$40) 15. Bf4 Qb6 16. c3 Rd8 ({Deserved attention} 16... O-O-O 17. Be3 {,but
also in this case white who has a pair of bishops and more space for his
pieces keeps better chanses.} (17. e5 {Bangiev,A /\Bg5,Bd3,/\Qf4})) 17. exd5 {
'!' Bangiev,A. Bangiev,A: 'Der Schlüsselzug der weissen strategischen Idee.
Nun soll Figurenangriff auf der e-Linie und auf der Diagonale b1-h7 erfolgen.'}
cxd5 18. Bd3 Bf6 19. g4 Kf8 (19... hxg4 20. fxg4 Rxh4 $2 21. Rxh4 Bxh4 22. g5
$18 {[%csl Rh4]}) 20. Bh6+ Bg7 21. Bg5 Rc8 22. Ka1 Qd6 23. Rde1 a6 24. Re2 b5 {
Bangiev,A: 'Besser wäre es, die Schwächung des Bauern a6 zu vermeiden.'} (24...
Nb6 {Bangiev,A} 25. Rhe1 Nc4 26. Qc2 Qd7 27. Bxg6 fxg6 28. Rxe6 $16) (24... Re8
{Bangiev,A} 25. Qc2 Kg8 26. gxh5 gxh5 (26... Rxh5 27. Bxg6 fxg6 28. Qxg6) 27.
Rg1 $40) 25. Rhe1 {Threatening to take on g6.} Re8 (25... Nb6 26. Bxg6 fxg6 27.
Rxe6 Qc7 28. Qd3 $16) (25... Kg8 {Bangiev,A} 26. Bxg6 fxg6 27. Rxe6 Qc7 28.
Rxg6 Nf8 29. Rxa6) 26. a3 Bf6 27. Bf4 Qb6 28. Bh6+ Bg7 29. Bg5 Qd6 $6 (29...
Bf6 30. Bxf6 Nxf6 31. Qf4 Kg7 32. Qg5 Qd6 $14) 30. Qc2 Bf6 $6 {Forgetting the
main idea of white in this popsition!} 31. Bxf6 Nxf6 32. g5 Ng8 (32... Nd7 33.
Bxg6 fxg6 34. Qxg6 Qg3 35. Rxe6 Qxe1+ 36. Rxe1 Rxe1+ 37. Ka2 $18) 33. Bxg6 $1 {
Bangiev,A: 'Somst steht Schwarz nach Ne7 recht stabil.'} fxg6 34. Qxg6 Qd7 (
34... Qg3 {Bangiev,A} 35. Ka2 (35. Rxe6 Qxe1+ 36. Rxe1 Rxe1+ 37. Ka2 $16) 35...
Rh6 36. Qd3 Rh8 37. Rxe6 $18) 35. Rxe6 Rxe6 36. Rxe6 $18 {Depite of material
balance black's position is hopeless because of awkward position of the knight
and passive rook.} Qf7 {'!' Bangiev,A. Bangiev,A: 'Im Endspiel hat Schwarz
dank dem Bauern auf h5 gute Chancen.'} 37. f4 {'?' Bangiev,A.} (37. Rxa6 {
Bangiev,A} Qxg6 38. Rxg6 Ne7 39. Rb6 Kf7 40. Rxb5 (40. Rb7 Ke6) 40... Nf5 41.
Rxd5 Nxh4 $132) 37... Ne7 (37... Rh7 {Bangiev,A} 38. Rxa6 Qxg6 39. Rxg6 Rf7
$132) 38. Qxf7+ Kxf7 39. Rxa6 Kg7 {'?' Bangiev,A.} (39... Rf8 40. Rf6+ Ke8 41.
Rxf8+ Kxf8 42. b3 {[%cal Gg5g8,Ga4a8,Ga3a8]} Nf5 43. a4 bxa4 44. bxa4 Ke7 (
44... Nxh4 45. a5 Nf5 46. a6 Nd6 47. a7 $18) 45. a5 Kd8 46. g6 Kc8 47. Kb2 Kb7
48. Kb3 Ka6 49. Kb4) (39... Ng6 {Bangiev,A} 40. f5 (40. Ka2 Nxh4 41. Kb3 Nf3
42. Kb4 h4 $19) 40... Nxh4 41. Ra7+ Kg8 42. Ra8+ {Weiss hat hier nur Remis.})
40. Ra7 Kf8 41. b3 Rg8 (41... Ng6 {Bangiev,A Es ist schon zu spät.} 42. a4 $1
bxa4 43. bxa4 Nxh4 44. a5 Nf5 45. a6 (45. Ra6) 45... h4 (45... Nd6 46. Ra8+ Kg7
47. Rxh8 Kxh8 48. a7) 46. Ra8+ Kg7 47. Rxh8 Kxh8 48. a7) 42. Ra8+ Kf7 43. Rxg8
Nxg8 (43... Kxg8 {Bangiev,A} 44. a4 bxa4 45. bxa4 Nc6 46. f5 $18) 44. a4 Ne7
45. a5 Nc6 46. a6 Kg6 47. Kb2 Kf5 48. c4 1-0